Jason Mraz songs :D Quiz Stats

 Plays Quiz not verified by Sporcle

Score 0/13 Timer 05:00
0 Plays Today
Lyric... Song! % Correct
I says the comedy is that it's serious. This is a strange enough new play on words.The Remedy
80.8%
I may be skinny at times, but I'm fat fulla rhymes.Geek in the Pink
80.4%
It takes two floors to make a story.Life is Wonderful
70.6%
We get along much better than you and your boyfriend.If It Kills Me
66.8%
Everytime we say goodbye, I wish we had one more kiss.Lucky
66.8%
Listen to your voice, the one that tells you to taste past the tip of your tongue.Make It Mine
65.4%
But at often times those words get tangled up in the lines, and the bright light turns to night.You and I Both
64.3%
But I like being submerged in your contradictions, dear.A Beautiful Mess
59.8%
And if you're looking for a boy with a voice, well, baby I'm single.I'll Do Anything
46.9%
And I'm so tired of having to live without you, but I don't mind...Sleeping To Dream
33.9%
Don't believe in leaving normal, just to satisfy demands.The Beauty In Ugly
23.8%
See the smile a-waiting in the kitchen, food cooking and the plates for two.Summer Breeze
14%
Tell me I'm not spending too much time on happy endings.Stranger In The Sky
5.2%

You're not logged in!

Compare scores with friends on all Sporcle quizzes.
OR
Log In

Show Comments

Extras

Created Nov 7, 2010ReportNominate
Tags:Jason Mraz

Top Quizzes Today


Score Distribution

Your Account Isn't Verified!

In order to create a playlist on Sporcle, you need to verify the email address you used during registration. Go to your Sporcle Settings to finish the process.

Report this User

Report this user for behavior that violates our Community Guidelines.

Details: